000 00643nam a22001577a 4500
999 _c61574
_d61574
005 20240326103712.0
008 240326c2001 ru ||||| |||| 00| 0 geo d
022 _a1512-0414
041 _ageo
245 _aწინაქრისტიანული ხანის ქართული ხელოვნება :
_b2001 /
_cმთავარი რედაქტორი ზ. ბრაგვაძე.
260 _aთბილისი,
_c2001.
300 _aV.
653 _aქართული ხელოვნება
700 _aბრაგვაძე, ზ.
_eრედაქტორი
_918273
942 _2udc
_cCR